01281nam a22002297a 4500007000300000008004100003020001800044050002000062100003400082245012100116250001700237260003300254300004900287500006800336500006800404500004600472504003200518505037900550650004900929650003000978700004301008ta181219s2015 mx a|||| |||| 00| 0 spa d a9706073232463 aRA440bS35 2015 aSalas Cuevas, Consueloeautor aCiencias de la salud 2b: Competencias + aprendizaje + vidac/ Consuelo Salas Cuevas, Álvarez Arredondo Luis Marat a2a edición aMéxicob: Pearson c, 2015 axv, 224 páginasb: ilustracionesc; 27 cm. aEn la portada "Colegio de Bachilleres del estado de Tamaulipas" aIncluye: Modelos de instrumentos de evaluación (pp. 209-2012) aIncluye: Heteroevaluaciones (pp. 213-224) aBibliografía (pp.207-208) aPrevienes accidentes y aplicas medidas básicas de los primeros auxilios Demuestras una actitud responsable sobre tu sexualidad Previenes enfermedades mediante la higiene individual y colectiva Previenes trastornos nutricionales mediante una alimentación correcta Cuidas tu salud mediante el examen médico periódico Asumes las consecuencias de las conductas de riesgo 0aCIENCIAS DE LA SALUD xESTUDIO Y ENSEÑANZA 0aEDUCACIÓN PARA LA SALUD aÁlvarez Arredondo, Luis Marateautor